00572 a2200145 4500020001500000020001800015082001200033100002900045245011400074250001200188260004100200300002100241490008200262830008200344 a0471697389 a978047169738104a515.3521 aStanoyevitch, Alexander.10aIntroduction to numerical ordinary and partial differential equations using matlab /cAlexander Stanoyevitch. a1st ed. a[S.l.] :bWiley-Interscience,c2004. a832 p. ;c24 cm.1 aPure and applied mathematics: a wiley series of texts, monographs and tracts. 0aPure and applied mathematics: a wiley series of texts, monographs and tracts.